Statistiques concernant Les Chevaliers d'Or du Zodiaque

Cliquez ici pour prendre le quiz!

Statistiques générales

  • Ce quiz a été pris 113 fois
  • Le résultat moyen est 9 sur 12

Statistiques - réponses

HintRéponse% Correct
2Aldebaran
92%
1Mu
91%
11Aphrodite
85%
3Saga
82%
4Shaka
78%
10Camus
75%
7Masque de mort
73%
8Shura
66%
9Milo
65%
5Aiolia
61%
6Aioros
48%
12Dohko
38%

Distribution des résultats

Percentile par nombre de réponses

% des personnes avec chaque résultat

Votre développement - résultats

Vous n’avez pas pris ce quiz